000 00321nam a22001457a 4500
020 _a81-8423-203-9
082 _a910
_bRAF/A
100 _aRAPHEL, RAJU
245 _aAMSTERDAMILE SYKILUKAL
260 _aTHRISSUR
_bGREEN BOOKS PRIVATE LIMITED
_c2013
300 _a160
520 _aNOVEL
650 _aNOVEL
942 _cBK
999 _c5279
_d5279